The story of Pitney-Bowes. (Record no. 2156)

000 -LEADER
fixed length control field 00314cam a22001211 4500
008 - FIXED-LENGTH DATA ELEMENTS--GENERAL INFORMATION
fixed length control field 720210s1961 nyua 000 0 eng
082 ## -
Classification number 338.4768114
100 1# - MAIN ENTRY--AUTHOR'S NAME
Author's Name Cahn, William,
Dates associated with a name 1912-
245 14 - TITLE STATEMENT
Title The story of Pitney-Bowes.
250 ## - EDITION STATEMENT
Edition statement [1st ed.]
260 ## - PUBLICATION, DISTRIBUTION, ETC. (IMPRINT)
Place of publication, distribution, etc. New York,
Name of publisher, distributor, etc. Harper
Date of publication, distribution, etc. [1961]
650 #0 - TOPICAL TERM (Tag)
Topical term or geographic name Postal service
Holdings
Withdrawn status Lost status Source of classification or shelving scheme Damaged status Koha normalized classification for sorting Not for loan Collection code Permanent Location Current Location Shelving location Date acquired Total Checkouts Full call number Barcode Date last seen Price effective from Koha item type
        G3200 Z999 C1328     Northern Philatelic Library Northern Philatelic Library General Stacks 12/10/2016   G3200 Z999 C1328 1002508 04/15/2017 12/10/2016 Books

Powered by Koha